logo

Bir Sreshtho Munshi Abdur Rouf Library
Jhenaidah Cadet College

শিল্পরসায়ন ও রাসায়নিক প্রযুক্তি / (Record no. 8719)

MARC details
000 -LEADER
fixed length control field 00730nam a2200229 a 4500
001 - CONTROL NUMBER
JCCL Control Number 8719
003 - CONTROL NUMBER IDENTIFIER
JCCL marc code BD-JhCC
005 - DATE AND TIME OF LATEST TRANSACTION
control field 20180529115223.0
008 - FIXED-LENGTH DATA ELEMENTS--GENERAL INFORMATION
fixed length control field 180301s1991 bg a|||| a||| 000 0 b d
020 ## - INTERNATIONAL STANDARD BOOK NUMBER
International Standard Book Number 9844105277
035 ## - SYSTEM CONTROL NUMBER
system control number (BD-JhCC)8719
040 ## - CATALOGING SOURCE
Original cataloging agency BD-JhCC
Modifying agency BD-JhCC
041 ## - LANGUAGE CODE
Language code of Book ben
082 ## - DEWEY DECIMAL CLASSIFICATION NUMBER
Classification number 660
Author mark and Year VUI 1991
100 ## - MAIN ENTRY--PERSONAL NAME
Personal name ভূইয়া, নূরুল হক.
245 ## - TITLE STATEMENT
Title শিল্পরসায়ন ও রাসায়নিক প্রযুক্তি /
Number of part/section of a work এ.এস.এম.নূরুল হক .
260 ## - PUBLICATION, DISTRIBUTION, ETC. (IMPRINT)
Place of publication, distribution, etc ঢাকা:
Name of publisher, distributor, etc মাওলা ব্রাদার্স ;
Date of publication, distribution, etc 1991.
300 ## - PHYSICAL DESCRIPTION
Pagination 535 p. :
Dimensions 21 cm.
651 ## - SUBJECT ADDED ENTRY--GEOGRAPHIC NAME
Geographic name Indvstrial Chemistry.
942 ## - ADDED ENTRY ELEMENTS (KOHA)
Source of classification or shelving scheme Library of Congress Classification
Koha item type Books
Holdings
Source of classification or shelving scheme Damaged status Not for loan Home library Current library Shelving location Date of accession Cost, normal purchase price Total Checkouts Full call number Barcode Date last seen Copy number Koha item type
Dewey Decimal Classification     JCC Rouf Library JCC Rouf Library General Stacks 03/01/2018 220.00   660 VUI 1991 11503 03/01/2018 C-1 Books

JCC Library | Contacts | JCC Home

Last Update on 23 September 2017
Copyright @ 2017-2020 JCC Rouf Library
Rouf Library, Jhenidah Cadet College (JCC), Bangladesh